000 00256nam a2200109Ia 4500
001 588746
005 20250717120837.0
008 250717s9999 xx 000 0 und d
245 0 _aZ-1 FALAKA
_cAHMET RASİM
260 _bERDEM YAYINLARI
_c2018
300 _b94
999 _c588746
_d588746